Responses for Show #1046 - Monday, March 6, 1989

Contestants

[<< previous game]

Kathy Weber, a student from Washington, D.C.

Tom Zemaitis, an attorney from Pennsauken, New Jersey

David Gordy, a law clerk from Woodland Hills, California (whose 1-day cash winnings total $11,100)

Jeopardy! Round responses

SOUTH AMERICA
STATE FLOWERS
OLD TESTAMENT
NURSERY RHYMES
PRODUCT SYMBOLS
FAMOUS CONRADS
    $100 8
Rio de Janeiro

David
    $100 22
Massachusetts

Tom
    $100 2
Moses

David
    $100 9
the fiddle

Tom
    $100 5
Aunt Jemima

David
    $100 1
Conrad Hilton

Kathy
    $200 10
Chile

David
    $200 23
(David: What is holly?)

mistletoe

David
Triple Stumper
    $200 26
3 days

Kathy
    $200 11
the fair

Tom
    $200 15
Donald Duck

David
    $200 3
Joseph Conrad

David
    $300 12
the condor

Tom
    $300 24
sagebrush

Kathy
    $300 27
Seth

David
    $300 19
(Kathy: [Shakes head])
[The time expiry signal sounds.]
(Kathy: What is [*]?)
...
(Alex: You waited a fraction too long there, Kathy, sorry.)

couldn't

DavidKathy
    $300 16
a monocle

David
    $300 4
Robert Conrad

Tom
    $400 13
Peru

Tom
    $400 29
Maine

Kathy
    $400 28
Ishmael

Kathy
    $400 20
(Alex: Who was [*], stole a pig and away he'd run.)

Tom Tom the Piper's son

Triple Stumper
    $400 17
(Tom: What is aspirin?)

Panadol

Tom
Triple Stumper
    $400 6
William Conrad

David
    $1,200 14
Bolivia

Tom
    $500 30
the American Beauty rose

David
    $500 25
(Kathy: Who is Abner?)

David

TomKathy
    $500 21
ten o'clock

David
    $500 18
Betty Crocker

Tom
    $500 7
Conrad Bain

Tom

Scores at the first commercial break (after clue 14):

David Tom Kathy
$1,100 $3,000 $100

Scores at the end of the Jeopardy! Round:

David Tom Kathy
$3,000 $3,700 $600

Double Jeopardy! Round responses

IN THE NEWS
THEATER
HISTORIC NAMES
QUOTES
COMPOSERS
HEMINGWAY
    $200 17
Robin Williams

David
    $200 3
Waiting for Godot

Tom
    $200 2
Benjamin Disraeli

Tom
    $200 22
mad dogs & Englishmen

Kathy
    $200 9
a violin

Tom
    $200 14
the Mayo Clinic

Tom
    $400 18
(Kathy: Who is Ben Jones?)

Ben Johnson

DavidKathy
    $1,600 4
The Mousetrap

Tom
    $400 16
Carrie Nation

David
    $400 23
possession

Kathy
    $400 10
Schubert

Kathy
    $400 27
(Kathy: Who is Mary Hemingway?)
(Alex: Be more specific.)
(Kathy: [No response])
(Alex: Obviously, they all became Mrs. Hemingway; her name was [*].)
[Alex did not name the other three wives.]

(1 of) Mary Welsh, Hadley Richardson Pauline Pfeifrer & Martha Gellhorn

Kathy
Triple Stumper
    $1,500 19
the Shroud of Turin

David
    $600 5
Martin Luther

Tom
    $600 11
Sitting Bull

Tom
    $600 24
the Nile

David
    $600 12
the New World Symphony

Tom
    $600 28
(Kathy: Who is the old man and his grandson?)

the sharks

Kathy
Triple Stumper
    $800 20
(Alex: Right, Jacqueline Kennedy's sister.)

Lee Radziwill

David
    $800 6
the minstrel show

David
    $800 8
the Civil War

Tom
    $800 25
the pope

Kathy
    $800 13
Liszt

David
    $800 29
the Spanish Civil War

Kathy
    $1000 21
(Tom: What is Wake Forest, North Carolina?)

Winston-Salem

Tom
Triple Stumper
    $1000 7
No Exit

Kathy
    $1000 1
Marat

David
    $1000 26
the public be damned

Kathy
    $1000 15
Haydn

Kathy
    $1000 30
(Tom: What are The Snows of Kilimanjaro?)

To Have and Have Not

Tom
Triple Stumper

Scores at the end of the Double Jeopardy! Round:

David Tom Kathy
$9,500 $6,700 $4,800

[wagering suggestions for these scores]

Final Jeopardy! Round responses

EXPLORERS
KathyWho are Stanley + Livingston?
$4,760
TomWho are Lewis & Clark
$6,000
DavidWho were Stanley & Livingstone?
$4,500
Stanley & Livingstone

Final scores:

David Tom Kathy
$14,000 $700 $9,560
2-day champion: $25,100 3rd place: Al/Sy lamps 2nd place: trip on Hawaiian Airlines to Honolulu & stay at Turtle Bay Hilton

Game dynamics:

Coryat scores:

David Tom Kathy
$8,600 $4,800 $4,800
21 R
(including 1 DD),
1 W
19 R
(including 2 DDs),
3 W
13 R,
5 W

Combined Coryat: $18,200

[game clues] [game scores] [suggest correction]

Game tape date: 1988-11-28
The J! Archive is created by fans, for fans. Scraping, republication, monetization, and malicious use prohibited; this site may use cookies and collect identifying information. See terms. The Jeopardy! game show and all elements thereof, including but not limited to copyright and trademark thereto, are the property of Jeopardy Productions, Inc. and are protected under law. This website is not affiliated with, sponsored by, or operated by Jeopardy Productions, Inc. Join the discussion at JBoard.tv.